[Event "Titled Tue 1st Jul Early"]
[Site "chess.com INT"]
[Date "2025.07.01"]
[Round "5"]
[White "Zepeda Berlanga, Jan Enrique"]
[Black "Mishra, Manoj"]
[Result "0-1"]
[WhiteTitle "CM"]
[BlackTitle "CM"]
[WhiteElo "2011"]
[BlackElo "1941"]
[WhiteFideId "5132355"]
[BlackFideId "5006007"]
[EventDate "2025.07.01"]

1. e4 Nf6 2. e5 Nd5 3. d4 d6 4. exd6 cxd6 5. Bd3 g6 6. Nf3 Bg7 7. O-O O-O 8. Re1
Bg4 9. c3 e6 10. h3 Bxf3 11. Qxf3 Nc6 12. Nd2 Nde7 13. Ne4 d5 14. Nc5 Qc7 15.
Bf4 Qc8 16. Rad1 Nf5 17. g4 Nfxd4 18. cxd4 Nxd4 19. Qg3 Qxc5 20. Bd6 Nf3+ 21.
Kh1 Qc6 22. Rc1 Qb6 23. Bc5 Qxb2 24. Qxf3 Qxa2 25. Bxf8 Rxf8 26. Rb1 b6 27. h4
Qd2 28. Re2 Qa5 29. h5 Rc8 30. g5 Rc3 31. h6 Bf8 32. Rd2 Rc1+ 33. Rxc1 Qxd2 34.
Rc8 Qxg5 35. Qh3 d4 36. Bb5 Qxb5 0-1

[Event "Titled Tue 1st Jul Early"]
[Site "chess.com INT"]
[Date "2025.07.01"]
[Round "5"]
[White "Omariev, Maksim"]
[Black "Saydaliev, Saidakbar"]
[Result "0-1"]
[WhiteTitle "FM"]
[BlackTitle "IM"]
[WhiteElo "2304"]
[BlackElo "2457"]
[WhiteFideId "4193423"]
[BlackFideId "14203693"]
[EventDate "2025.07.01"]

1. b3 Nf6 2. Bb2 g6 3. Bxf6 exf6 4. c4 d5 5. cxd5 Qxd5 6. Nc3 Qd8 7. g3 Bg7 8.
Bg2 O-O 9. Nf3 f5 10. O-O c6 11. Rc1 Na6 12. d4 Nc7 13. e3 Re8 14. h4 h6 15. Ne1
f4 16. gxf4 Qxh4 17. Nf3 Qe7 18. Ne5 Be6 19. Ne4 Rad8 20. Nc5 Bc8 21. Qf3 Nd5
22. Qg3 g5 23. fxg5 Qxg5 24. Qxg5 hxg5 25. Ned3 f5 26. Rc4 f4 27. exf4 gxf4 28.
Ra4 a6 29. Nb4 Nb6 30. Ra5 Rxd4 31. Ncxa6 bxa6 32. Nxc6 Rd6 33. Rg5 Bb7 34. Na5
Bxg2 35. Kxg2 Kf7 36. Rg1 Bf6 37. Rg4 Nd5 38. Nc4 Rde6 39. Rh1 Rh8 40. Rxh8 Bxh8
41. Kf3 Bf6 42. Rg1 Nb4 43. Kxf4 Nxa2 44. Rd1 Nc3 45. Rd7+ Re7 46. Rd6 Ne2+ 47.
Kf5 Nd4+ 48. Kf4 Re6 49. Rd7+ Kg6 50. Ra7 Nxb3 51. Ne3 Nc5 52. Nd5 Nd3+ 53. Kg4
Nxf2+ 54. Kf3 Nd3 55. Nc7 Re7 0-1

[Event "Titled Tue 1st Jul Early"]
[Site "chess.com INT"]
[Date "2025.07.01"]
[Round "5"]
[White "Khazhatuly, Alikhan"]
[Black "Fernandez Estremera, Fernando"]
[Result "1-0"]
[WhiteTitle "CM"]
[BlackTitle "CM"]
[WhiteElo "2172"]
[BlackElo "2160"]
[WhiteFideId "13731335"]
[BlackFideId "24520152"]
[EventDate "2025.07.01"]

1. e4 d5 2. exd5 Qxd5 3. Nc3 Qd8 4. d4 Nf6 5. Nf3 e6 6. Bd3 c5 7. dxc5 Bxc5 8.
O-O O-O 9. Bg5 Nbd7 10. Qe2 Be7 11. Rad1 Qa5 12. a3 h6 13. Bh4 a6 14. Rfe1 b5
15. Nd5 Nxd5 16. Bxe7 Nxe7 17. Qe4 Nf6 18. Qxa8 Bd7 19. Qa7 Nc6 20. Qe3 Nd5 21.
Qd2 Rd8 22. Ne5 Qxd2 23. Rxd2 Nxe5 24. Rxe5 Bc6 25. c4 Nf4 26. Bh7+ Kxh7 27.
Rxd8 bxc4 28. Ra5 Nd3 29. Rxa6 Bd5 30. Rb6 Kg6 31. a4 Kf5 32. a5 Nc5 33. a6 Na4
34. Rb4 Nc5 35. a7 Nd3 36. Rb5 Nxb2 37. a8=Q c3 38. Rdxd5+ Kg6 39. Rdc5 Nd1 40.
Qe4+ f5 41. Qxe6+ Kh7 42. Qxf5+ Kg8 43. Rb8# 1-0

[Event "Titled Tue 1st Jul Early"]
[Site "chess.com INT"]
[Date "2025.07.01"]
[Round "5"]
[White "Hayrapetyan, Edgar"]
[Black "Bjerre, Jonas Buhl"]
[Result "1-0"]
[WhiteTitle "FM"]
[BlackTitle "GM"]
[WhiteElo "2161"]
[BlackElo "2655"]
[WhiteFideId "13313568"]
[BlackFideId "1444948"]
[EventDate "2025.07.01"]

1. e4 c5 2. Nc3 g6 3. d4 cxd4 4. Qxd4 Nf6 5. Nf3 Nc6 6. Qa4 d6 7. e5 dxe5 8.
Nxe5 Bd7 9. Nxd7 Nxd7 10. Be3 Bg7 11. Be2 O-O 12. O-O Bxc3 13. bxc3 Nf6 14. Rab1
Qc7 15. Bf3 Rab8 16. g3 Rfc8 17. Rfe1 Nd7 18. Bg2 Nb6 19. Qe4 Rd8 20. Bf4 e5 21.
Bxe5 Nxe5 22. Qxe5 Qxe5 23. Rxe5 Rd7 24. h4 Rc7 25. h5 Kg7 26. hxg6 hxg6 27. Ra5
Nc8 28. g4 b6 29. Rd5 Ne7 30. Rd3 g5 31. Rbd1 Ng6 32. Be4 Nf4 33. Rd7 Rbc8 34.
Bf5 Rxd7 35. Rxd7 a5 36. Rd6 Rb8 37. c4 Rb7 38. Rc6 a4 39. a3 Rb8 40. Rc7 Re8
41. Kf1 Rh8 42. Ke1 Rh1+ 43. Kd2 Ra1 44. Rc6 Rxa3 45. Rxb6 Rf3 46. Ke1 a3 47.
Ra6 Rh3 48. Kd2 Kf8 49. c5 Ke7 50. Ra7+ Kf6 51. c6 Nd5 52. c4 Nb6 53. Ke2 Nxc4
54. c7 Nd6 55. Ra6 1-0

[Event "Titled Tue 1st Jul Early"]
[Site "chess.com INT"]
[Date "2025.07.01"]
[Round "5"]
[White "Nurgaliyev, Sauat"]
[Black "Jaskolka, Tomasz"]
[Result "1-0"]
[WhiteTitle "IM"]
[BlackTitle "CM"]
[WhiteElo "2404"]
[BlackElo "2194"]
[WhiteFideId "13726285"]
[BlackFideId "1170791"]
[EventDate "2025.07.01"]

1. a3 d5 2. Nf3 Bf5 3. g3 e6 4. Bg2 c6 5. O-O h6 6. d3 Nd7 7. Nbd2 Ngf6 8. Re1
Be7 9. b3 O-O 10. Bb2 Bh7 11. c4 a5 12. Qc2 Qb6 13. Rab1 Rfe8 14. h3 Rac8 15. b4
axb4 16. axb4 Bxb4 17. Bc3 c5 18. Bxb4 cxb4 19. Qb3 Qc7 20. Rec1 Qb8 21. Qxb4 b6
22. Nd4 Qe5 23. N2f3 Qh5 24. g4 Qg6 25. Qd6 dxc4 26. Rb5 cxd3 27. Rxc8 Rxc8 28.
Nc6 Rxc6 29. Qxc6 dxe2 30. Qc8+ Nf8 31. Rxb6 Qd3 32. Ne1 Qd2 33. Rb8 Qxe1+ 34.
Kh2 Nd7 35. Qxd7 Qd1 36. Qe7 Bc2 37. Rxf8+ Kh7 38. Rxf7 Qd4 39. Qxe6 e1=Q 40.
Qxe1 Qd6+ 41. Kh1 Qg6 42. Rf4 Qg5 1-0

[Event "Titled Tue 1st Jul Early"]
[Site "chess.com INT"]
[Date "2025.07.01"]
[Round "5"]
[White "Bouska, Jiri"]
[Black "Torres Rebolledo, Alvaro"]
[Result "0-1"]
[WhiteTitle "FM"]
[BlackTitle "FM"]
[WhiteElo "2296"]
[BlackElo "2319"]
[WhiteFideId "23722223"]
[BlackFideId "54587670"]
[EventDate "2025.07.01"]

1. e4 d6 2. d4 Nf6 3. Nc3 e5 4. Nge2 c6 5. a4 Nbd7 6. g3 h5 7. Bg2 Be7 8. O-O
O-O 9. h3 b6 10. Be3 Bb7 11. f4 a6 12. Kh2 b5 13. b4 Qc7 14. Nc1 Rfe8 15. Nd3
Bf8 16. dxe5 dxe5 17. fxe5 Nxe5 18. Nxe5 Rxe5 19. Bf4 Bxb4 20. Qd4 Bd6 21. Rad1
Ne8 22. Bxe5 Bxe5 23. Qd3 h4 24. axb5 axb5 25. Ne2 hxg3+ 26. Kh1 Nf6 27. Qe3 c5
28. Nf4 Re8 29. Rde1 Bd6 30. Qd2 Nxe4 31. Bxe4 Rxe4 32. Rxe4 Bxe4+ 33. Kg1 c4
34. Nd5 Bc5+ 35. Ne3 Qb6 36. Re1 Qh6 37. Qd8+ Kh7 38. Qd2 Qxh3 39. Qe2 Qh1# 0-1

[Event "Titled Tue 1st Jul Early"]
[Site "chess.com INT"]
[Date "2025.07.01"]
[Round "5"]
[White "Carrasco Miranda, Andres"]
[Black "Danzer, George"]
[Result "1-0"]
[WhiteTitle "CM"]
[BlackTitle "CM"]
[WhiteElo "2226"]
[BlackElo "2172"]
[WhiteFideId "3405990"]
[BlackFideId "4659465"]
[EventDate "2025.07.01"]

1. d4 Nf6 2. c4 g6 3. g3 Bg7 4. Bg2 c6 5. Nc3 d5 6. cxd5 cxd5 7. e3 O-O 8. Nge2
a6 9. O-O b5 10. Nf4 Bb7 11. Nd3 Ne4 12. Nxe4 dxe4 13. Nc5 Bd5 14. Nxe4 Nd7 15.
a4 b4 16. Re1 Rc8 17. Bd2 a5 18. Rc1 Qb6 19. Nc5 Bxg2 20. Nxd7 Qb7 21. Nc5 Qd5
22. e4 Bxe4 23. Nxe4 Qxd4 24. Rxc8 Rxc8 25. Qb3 h6 26. Bc1 Rd8 27. Nd2 Rc8 28.
Nf3 Qd7 29. Kg2 Qf5 30. h3 Rc2 31. g4 Qc5 32. Be3 Qc6 33. Qd3 Rxb2 34. Rc1 Qb7
35. Bf4 Ra2 36. Rc7 Qb6 37. Qe3 Qf6 38. Rxe7 b3 39. Re8+ Kh7 40. Rb8 b2 41. Qe8
g5 42. Qg8+ Kg6 43. Bg3 Ra1 44. Qc8 b1=Q 45. Rxb1 Rxb1 46. Qc2+ 1-0

[Event "Titled Tue 1st Jul Early"]
[Site "chess.com INT"]
[Date "2025.07.01"]
[Round "5"]
[White "Bluebaum, Matthias"]
[Black "Kravtsiv, Martyn"]
[Result "0-1"]
[WhiteTitle "GM"]
[BlackTitle "GM"]
[WhiteElo "2660"]
[BlackElo "2598"]
[WhiteFideId "24651516"]
[BlackFideId "14113147"]
[EventDate "2025.07.01"]

1. d4 d5 2. c4 e6 3. Nc3 Nf6 4. cxd5 exd5 5. Bg5 Be7 6. e3 O-O 7. Bd3 h6 8. Bh4
Re8 9. Nf3 c6 10. Bg3 Nbd7 11. h3 b5 12. O-O a5 13. Rc1 Ba6 14. Re1 Bf8 15. Re2
Ne4 16. Bh2 Nxc3 17. Rxc3 c5 18. dxc5 Nxc5 19. Rec2 Qb6 20. Rc1 b4 21. Rxc5 Bxc5
22. Bxa6 Rxa6 23. Bf4 Bd6 24. Bxd6 Qxd6 25. Nd4 Rb8 26. Qg4 g6 27. h4 h5 28. Qg5
Qd8 29. Rc5 Qxg5 30. hxg5 a4 31. f4 Kf8 32. Kf2 Raa8 33. Rxd5 b3 34. a3 Rc8 35.
Kf3 Rc1 36. Nb5 Rc2 37. Rd7 Rxb2 38. Rb7 Rd2 39. Nd4 Rc8 40. Rb4 Kg7 0-1

[Event "Titled Tue 1st Jul Early"]
[Site "chess.com INT"]
[Date "2025.07.01"]
[Round "5"]
[White "Hamedi Nia, Vesal"]
[Black "Osiecki, Stanislaw"]
[Result "1-0"]
[WhiteTitle "WIM"]
[BlackTitle "FM"]
[WhiteElo "2010"]
[BlackElo "1944"]
[WhiteFideId "12542253"]
[BlackFideId "1102990"]
[EventDate "2025.07.01"]

1. d4 Nf6 2. Nf3 g6 3. Bg5 Bg7 4. Nbd2 h6 5. Bh4 d6 6. c3 O-O 7. e4 Bg4 8. Bd3
Nbd7 9. O-O g5 10. Bg3 Nh5 11. Qb3 Nxg3 12. hxg3 b6 13. a4 a5 14. Rfe1 e5 15.
Nh2 Bh5 16. g4 Bg6 17. Nhf3 Kh7 18. Rad1 f6 19. Nf1 Bf7 20. Qc2 Be6 21. Ne3 Nb8
22. Nf5 Bxf5 23. exf5 Qe8 24. dxe5 dxe5 25. Nxe5 fxe5 26. f6+ Kg8 27. Bc4+ Kh8
28. fxg7+ Kxg7 29. Qe4 Nd7 30. Bb5 Rd8 31. Qc6 Rf7 32. Qxc7 Re7 33. Rd6 Rc8 34.
Qb7 Nc5 35. Qxb6 Qf8 36. Rxh6 Ne6 37. Rxe6 Rxe6 38. Qxe6 Qf6 39. Qxe5 Qxe5 40.
Rxe5 Rd8 41. Rxg5+ Kf6 42. Rf5+ Kg6 43. g3 Rd2 44. b4 axb4 45. cxb4 Rd1+ 46. Kg2
Rb1 47. Rf4 Ra1 48. a5 Kg5 49. Bc4 Rb1 50. b5 Ra1 51. a6 Rb1 52. a7 Ra1 53. b6 1-0

[Event "Titled Tue 1st Jul Early"]
[Site "chess.com INT"]
[Date "2025.07.01"]
[Round "5"]
[White "Srihari, L R"]
[Black "Vagman, Roy"]
[Result "1-0"]
[WhiteTitle "IM"]
[BlackTitle "FM"]
[WhiteElo "2482"]
[BlackElo "2403"]
[WhiteFideId "46617116"]
[BlackFideId "2828995"]
[EventDate "2025.07.01"]

1. e4 c5 2. g3 a6 3. Bg2 Nc6 4. Ne2 g6 5. O-O Bg7 6. d3 d6 7. a4 Nf6 8. Nbc3 O-O
9. h3 Rb8 10. Be3 b5 11. axb5 axb5 12. Qd2 b4 13. Nd1 Bb7 14. Bh6 Nd7 15. Bxg7
Kxg7 16. Ne3 Nb6 17. d4 cxd4 18. Nxd4 Nd7 19. Nd5 Nxd4 20. Qxd4+ e5 21. Qd2 Bxd5
22. Qxd5 Qc7 23. Rfc1 Nf6 24. Qd3 Rfc8 25. Ra6 Rb6 26. Rxb6 Qxb6 27. Rd1 Rc6 28.
Bf1 Qc5 29. Rd2 h5 30. h4 Ng4 31. Kg2 Qb6 32. Qb3 Qc7 33. Bd3 Qb6 34. Bc4 Rc7
35. Qd3 Qc5 36. b3 Rc6 37. Qf3 Nf6 38. Qd3 Rb6 39. Rd1 Qc6 40. f3 Nd7 41. Ra1
Nc5 42. Qd2 Rb8 43. Ra7 Rf8 44. Qxb4 Nxe4 45. Ra6 Qc5 46. Qxc5 Nxc5 47. Rxd6 f6
48. Rc6 Nd7 49. Rc7 Rd8 50. Bb5 1-0

[Event "Titled Tue 1st Jul Early"]
[Site "chess.com INT"]
[Date "2025.07.01"]
[Round "5"]
[White "Ramiro Ovejero, Juan Luis"]
[Black "Pournami S"]
[Result "1/2-1/2"]
[WhiteTitle "IM"]
[BlackTitle "WCM"]
[WhiteElo "2334"]
[BlackElo "1730"]
[WhiteFideId "2210436"]
[BlackFideId "25732439"]
[EventDate "2025.07.01"]

1. e4 c5 2. Nf3 d6 3. Bb5+ Nd7 4. c3 Nf6 5. Bd3 e6 6. Bc2 Be7 7. d4 cxd4 8. cxd4
O-O 9. O-O a6 10. Nc3 Qc7 11. Bg5 h6 12. Bh4 b5 13. Rc1 Qb8 14. Re1 e5 15. a4 b4
16. Nd5 Nxd5 17. exd5 Bxh4 18. Nxh4 Nf6 19. dxe5 dxe5 20. d6 Rd8 21. Rxe5 Rxd6
22. Qe1 Be6 23. Bf5 Ng4 24. Rxe6 Rxe6 25. Bxe6 Qxh2+ 26. Kf1 Qh1+ 27. Ke2 Qxh4
28. Bxg4 Qxg4+ 29. Kf1 Rd8 30. Kg1 Rd6 31. Qe8+ Kh7 32. Qxf7 Rg6 33. Qd5 Qf4 34.
Re1 Qf6 35. Qd3 Qxb2 36. Re6 Qc1+ 37. Kh2 Qg5 38. Qe4 Qh5+ 39. Kg1 Qd1+ 40. Kh2
Qh5+ 41. Kg1 Qd1+ 42. Kh2 Qh5+ 1/2-1/2

[Event "Titled Tue 1st Jul Early"]
[Site "chess.com INT"]
[Date "2025.07.01"]
[Round "5"]
[White "Purygin, Andrei"]
[Black "Shuvalov, Evgenij"]
[Result "1/2-1/2"]
[WhiteTitle "FM"]
[WhiteElo "2335"]
[BlackElo "1980"]
[WhiteFideId "24111180"]
[BlackFideId "4187237"]
[EventDate "2025.07.01"]

1. e4 e6 2. Nc3 d5 3. d4 Bb4 4. Bd3 dxe4 5. Bxe4 Nf6 6. Bg5 h6 7. Bxf6 Qxf6 8.
Nf3 c5 9. Qd3 O-O 10. O-O-O Rd8 11. Qc4 Bxc3 12. Qxc3 Qf4+ 13. Qe3 Qxe3+ 14.
fxe3 f5 15. dxc5 Rxd1+ 16. Rxd1 fxe4 17. Rd8+ Kh7 18. Rxc8 exf3 19. gxf3 Kg6 20.
Rf8 Kg5 21. Kd2 Kh4 22. Ke2 Kh3 23. Kf2 Kxh2 24. e4 e5 25. f4 exf4 26. Rxf4 g5
27. Rf8 g4 28. Rh8 g3+ 29. Kf3 Nc6 30. Rxh6+ Kg1 31. Kxg3 Rg8+ 32. Kf3 Nd4+ 33.
Kf4 Rf8+ 34. Ke5 Nxc2 35. Rg6+ Kf2 36. Kd6 Nd4 37. e5 Rd8+ 38. Kc7 Rd5 39. e6
Rxc5+ 40. Kd6 Rc6+ 41. Kd7 Nxe6 42. Rxe6 Rxe6 43. Kxe6 Ke3 44. Kd6 Kd3 45. Kc7
Kc2 46. Kxb7 Kxb2 47. Ka6 Kxa2 48. Kxa7 1/2-1/2

[Event "Titled Tue 1st Jul Early"]
[Site "chess.com INT"]
[Date "2025.07.01"]
[Round "5"]
[White "Sitbon, Itay"]
[Black "Nifdaliyev, Jahangir"]
[Result "1/2-1/2"]
[BlackTitle "FM"]
[WhiteElo "2206"]
[BlackElo "2312"]
[WhiteFideId "2820706"]
[BlackFideId "13407740"]
[EventDate "2025.07.01"]

1. e4 c5 2. d4 cxd4 3. c3 dxc3 4. Nxc3 d6 5. Nf3 Nf6 6. Bc4 e6 7. O-O Be7 8. Qe2
O-O 9. Rd1 Qa5 10. Bg5 Nc6 11. Rac1 a6 12. a3 b5 13. Ba2 Bb7 14. Bb1 b4 15. axb4
Qxb4 16. e5 dxe5 17. Nxe5 Nxe5 18. Qxe5 Qg4 19. Qg3 Qxg3 20. hxg3 Rfd8 21. Be3
Rac8 22. Bb6 Rxd1+ 23. Rxd1 Nd5 24. Bd4 Bf6 25. Nxd5 Bxd5 26. Bxf6 gxf6 27. Bd3
Rb8 28. Rd2 Rb6 29. g4 a5 30. Kh2 a4 31. f3 Kg7 32. Kg3 Rb3 33. Be2 a3 34. bxa3
Rxa3 35. Bd3 Rc3 36. Kf2 Ra3 37. Bf1 Ra2 38. Rxa2 Bxa2 39. Ke3 Bb1 40. g3 f5 41.
gxf5 Bxf5 42. Be2 Kg6 43. Bb5 Bb1 44. Be8 h5 45. Kf4 Ba2 46. Ba4 Bd5 47. Bc2+
Kf6 48. Ke3 e5 49. Ba4 Kg5 50. Kf2 h4 51. gxh4+ Kxh4 52. Bc2 f6 53. Bd3 Kg5 54.
Kg3 f5 55. Bc2 Bc4 56. Bb1 Bb3 57. Bd3 Bd5 58. Bc2 Bxf3 59. Kxf3 e4+ 60. Bxe4
fxe4+ 61. Kxe4 1/2-1/2

[Event "Titled Tue 1st Jul Early"]
[Site "chess.com INT"]
[Date "2025.07.01"]
[Round "5"]
[White "Svane, Frederik"]
[Black "Munoz, Francisco Javier"]
[Result "0-1"]
[WhiteTitle "GM"]
[BlackTitle "FM"]
[WhiteElo "2659"]
[BlackElo "2389"]
[WhiteFideId "12923044"]
[BlackFideId "128368"]
[EventDate "2025.07.01"]

1. e4 e5 2. Nf3 Nc6 3. Bc4 Bc5 4. c3 Nf6 5. d3 a5 6. O-O d6 7. Nbd2 h6 8. h3 Ba7
9. Re1 O-O 10. Bb3 Re8 11. Nf1 Be6 12. Ba4 Bd7 13. Ng3 Ne7 14. Bc2 Ng6 15. d4 b5
16. Be3 b4 17. Qd2 exd4 18. cxd4 c5 19. Rad1 Be6 20. Ba4 Bd7 21. Bxd7 Nxd7 22.
Nf5 cxd4 23. Bxd4 Nf6 24. Bxa7 Rxa7 25. Nxd6 Rd7 26. e5 Re6 27. Nd4 Rxe5 28.
Rxe5 Nxe5 29. N4f5 Nc4 30. Qf4 Nxd6 31. Rxd6 Rxd6 32. Qxd6 Qxd6 33. Nxd6 Nd5 34.
Kf1 Kf8 35. Ke2 Ke7 36. Nb7 a4 37. Kd3 a3 38. bxa3 bxa3 39. Kc4 Nf4 40. Kb3 Nxg2
41. Kxa3 Nf4 42. h4 f6 43. Kb3 g5 44. hxg5 fxg5 45. a4 Kd7 46. Nc5+ Kc6 47. Ne4
Ne6 48. Kc4 h5 49. a5 h4 50. a6 h3 0-1

[Event "Titled Tue 1st Jul Early"]
[Site "chess.com INT"]
[Date "2025.07.01"]
[Round "5"]
[White "Mikhailova, Irina"]
[Black "Caprio, Guido"]
[Result "0-1"]
[WhiteTitle "WGM"]
[BlackTitle "IM"]
[WhiteElo "2143"]
[BlackElo "2435"]
[WhiteFideId "4109040"]
[BlackFideId "834580"]
[EventDate "2025.07.01"]

1. d4 Nf6 2. Nf3 h6 3. c4 e6 4. a3 c5 5. Nc3 d5 6. cxd5 exd5 7. dxc5 Bxc5 8. e3
Nc6 9. b4 Bd6 10. Bb2 O-O 11. Be2 Bf5 12. Rc1 Rc8 13. Nb5 Bb8 14. Nbd4 Bd7 15.
O-O Re8 16. Nxc6 Rxc6 17. Nd4 Rxc1 18. Qxc1 Ne4 19. Nf3 Re6 20. Rd1 Ba4 21. Rf1
Rc6 22. Qa1 Rg6 23. Qc1 Bd7 24. Kh1 Qe7 25. Qd1 Qd6 26. g3 Bh3 27. Kg1 Bxf1 28.
Bxf1 Rf6 29. Bg2 Rf5 30. Qd4 f6 31. Qd1 h5 32. Bd4 b6 33. Bb2 g5 34. Qe2 g4 35.
Nh4 Rxf2 36. Qxf2 Nxf2 37. Kxf2 Qc6 38. Bd4 Be5 39. Nf5 Qc2+ 40. Kg1 Qxf5 0-1

[Event "Titled Tue 1st Jul Early"]
[Site "chess.com INT"]
[Date "2025.07.01"]
[Round "5"]
[White "Khazan, Yevgeny"]
[Black "Calvo Gonzalez, Jose Felix"]
[Result "1/2-1/2"]
[WhiteTitle "CM"]
[BlackTitle "CM"]
[WhiteElo "2135"]
[BlackElo "2214"]
[WhiteFideId "2806193"]
[BlackFideId "54505615"]
[EventDate "2025.07.01"]

1. d4 Nf6 2. c4 g6 3. Nc3 d5 4. cxd5 Nxd5 5. e4 Nxc3 6. bxc3 Bg7 7. Nf3 c5 8.
Bb5+ Nc6 9. O-O cxd4 10. cxd4 O-O 11. Bxc6 bxc6 12. Qc2 Bg4 13. Ne5 Qxd4 14. Bb2
Qb6 15. Rab1 Bxe5 16. Bxe5 Qa6 17. f3 Be6 18. Rb2 Rfd8 19. Rfb1 f6 20. Bc7 Rd7
21. Bf4 Rad8 22. Rc1 g5 23. Bg3 Qa3 24. h4 Rd2 25. Qxc6 Qxb2 26. Qxe6+ Kh8 27.
Rc8 Rxg2+ 28. Kh1 Rxc8 29. Qxc8+ Kg7 30. Qe6 Rc2 31. Qxe7+ Kg8 32. Qe8+ Kg7 33.
Qe7+ Kg8 34. Qe6+ Kg7 35. Qd7+ Kg8 36. Qd5+ Kg7 37. Qd7+ Kg8 38. Qe6+ Kg7 39.
Qe7+ 1/2-1/2

[Event "Titled Tue 1st Jul Early"]
[Site "chess.com INT"]
[Date "2025.07.01"]
[Round "5"]
[White "Sahakyan, Aleks"]
[Black "Pribelszky, Bence"]
[Result "1-0"]
[WhiteTitle "IM"]
[BlackTitle "IM"]
[WhiteElo "2405"]
[BlackElo "2401"]
[WhiteFideId "13316338"]
[BlackFideId "769738"]
[EventDate "2025.07.01"]

1. e4 e5 2. Nf3 Nc6 3. Bc4 Nf6 4. d3 h6 5. O-O d6 6. a4 g5 7. a5 a6 8. c3 Bg7 9.
b4 O-O 10. Re1 d5 11. exd5 Nxd5 12. Bb2 Nf4 13. Na3 Bg4 14. Nc2 Bh5 15. Ne3 g4
16. Nd2 g3 17. Nf3 gxf2+ 18. Kxf2 Kh8 19. Nf5 Qf6 20. Nxg7 Qxg7 21. g3 Nh3+ 22.
Kg2 Ng5 23. Rf1 f5 24. Nxg5 Bxd1 25. Ne6 Qg4 26. h3 Qe2+ 27. Rf2 Qh5 28. Nxf8
Rxf8 29. Be6 Qg6 30. Bd5 Bh5 31. c4 Nd4 32. Bxd4 exd4 33. g4 Qg7 34. Raf1 Bf7
35. Bxb7 fxg4 36. h4 g3 37. Rf5 Qg8 38. Be4 Re8 39. R5f4 Be6 40. Rf6 Bd7 41.
Rxh6+ Kg7 42. Rg6+ Kh8 43. Rxg8+ Kxg8 44. Kxg3 Kg7 45. h5 Ba4 46. Rf5 Bc2 47.
Kf4 c6 48. Kg5 Rxe4 49. dxe4 d3 50. h6+ Kg8 51. Kg6 d2 52. h7+ Kh8 53. Rf8# 1-0

[Event "Titled Tue 1st Jul Early"]
[Site "chess.com INT"]
[Date "2025.07.01"]
[Round "5"]
[White "Vidruska, Renate"]
[Black "Montano Vicente, Guadalupe"]
[Result "1/2-1/2"]
[WhiteTitle "WFM"]
[WhiteElo "2026"]
[BlackElo "1940"]
[WhiteFideId "11601841"]
[BlackFideId "5181399"]
[EventDate "2025.07.01"]

1. e4 c5 2. Nf3 d6 3. d4 cxd4 4. Nxd4 Nf6 5. Nc3 a6 6. g3 e5 7. Nde2 Be7 8. Bg2
Be6 9. O-O O-O 10. h3 Nbd7 11. g4 Nb6 12. Ng3 d5 13. g5 Nxe4 14. Ngxe4 dxe4 15.
Qxd8 Raxd8 16. Bxe4 Nd5 17. Nxd5 Bxd5 18. Bxd5 Rxd5 19. Be3 Rc8 20. c3 e4 21. h4
Rb5 22. Rab1 f6 23. Rfe1 fxg5 24. hxg5 Bxg5 25. Bd4 Re8 26. Kg2 Rf5 27. Re2 Bf6
28. Bxf6 gxf6 29. Rbe1 Rfe5 30. Kg3 Kf7 31. Kf4 f5 32. f3 Kf6 33. fxe4 fxe4 34.
Rh1 Rf5+ 35. Ke3 Kg6 36. Rg2+ Rg5 37. Rxg5+ Kxg5 38. Rxh7 b5 39. Rg7+ Kf5 40.
Ra7 Rd8 41. Rxa6 Rd3+ 42. Ke2 Rg3 43. Ra8 Rg2+ 44. Ke3 Rxb2 45. Rf8+ Ke5 46.
Re8+ Kd5 47. Rxe4 Rc2 48. Kd3 Rxa2 49. Rb4 Kc5 50. Rb1 Ra3 51. Kc2 Kc4 52. Rb4+
Kc5 53. Rb2 Kc4 54. Rb4+ Kc5 55. Rb2 Kc4 56. Rb4+ 1/2-1/2

[Event "Titled Tue 1st Jul Early"]
[Site "chess.com INT"]
[Date "2025.07.01"]
[Round "5"]
[White "Deac, Bogdan-Daniel"]
[Black "Cernov, Henrik"]
[Result "1-0"]
[WhiteTitle "GM"]
[BlackTitle "FM"]
[WhiteElo "2674"]
[BlackElo "2258"]
[WhiteFideId "1226380"]
[BlackFideId "16258312"]
[EventDate "2025.07.01"]

1. d4 Nf6 2. c4 e6 3. Nf3 Nc6 4. g3 Bb4+ 5. Nbd2 d6 6. Bg2 O-O 7. O-O Bxd2 8.
Qxd2 Qe7 9. b4 e5 10. dxe5 dxe5 11. b5 Rd8 12. Qe3 Ng4 13. Qa3 Qxa3 14. Bxa3 Nd4
15. Rfd1 Be6 16. Nxd4 exd4 17. Rac1 Ne5 18. Bb2 Nxc4 19. Bxd4 Nd6 20. Be5 Nxb5
21. Bxb7 Rxd1+ 22. Rxd1 Rb8 23. Bc6 Nd6 24. a4 Rb6 25. Bd5 Bxd5 26. Rxd5 f6 27.
Bf4 Kf7 28. Rc5 Rb7 29. a5 Ne8 30. Rc6 g5 31. Be3 Rb5 32. Ra6 Nd6 33. Rxa7 Nc4
34. Rxc7+ Kg6 35. Rxc4 Rxa5 36. Kg2 Ra1 37. h4 h6 38. hxg5 hxg5 39. Rc6 Ra8 40.
Bd4 Rf8 41. g4 Rf7 42. Rxf6+ Rxf6 43. Bxf6 Kxf6 44. Kf3 Ke5 45. Ke3 Kd5 46. f4
gxf4+ 47. Kxf4 Ke6 48. Kg5 Kf7 49. Kh6 Kg8 50. Kg6 Kf8 51. Kh7 Kf7 52. g5 1-0

[Event "Titled Tue 1st Jul Early"]
[Site "chess.com INT"]
[Date "2025.07.01"]
[Round "5"]
[White "Drygalov, Sergey"]
[Black "Shukhman, Anna"]
[Result "1-0"]
[WhiteTitle "GM"]
[BlackTitle "WGM"]
[WhiteElo "2560"]
[BlackElo "2416"]
[WhiteFideId "24171743"]
[BlackFideId "54180058"]
[EventDate "2025.07.01"]

1. d4 d5 2. c4 e5 3. Nf3 e4 4. Nfd2 c6 5. Nc3 Nf6 6. e3 Be7 7. f3 exf3 8. Qxf3
Bg4 9. Qf2 O-O 10. Bd3 dxc4 11. Nxc4 Nbd7 12. O-O b5 13. Nd2 Nc5 14. Bc2 b4 15.
Ne2 Ne6 16. Ng3 c5 17. h3 cxd4 18. Nde4 d3 19. Nxf6+ Bxf6 20. Bb3 Be2 21. Nxe2
dxe2 22. Qxe2 Nc5 23. Rd1 Qe7 24. Bd5 Rad8 25. Qc4 Be5 26. e4 Bd6 27. Be3 Rc8
28. Qd4 Rfe8 29. Rf1 Ne6 30. Qxa7 Rc7 31. Qb6 Bc5 32. Bxc5 Qxc5+ 33. Qxc5 Nxc5
34. Rac1 Rec8 35. Rc4 Kf8 36. Rxb4 f6 37. Rc4 Nd3 38. Rxc7 Rxc7 39. a4 Nxb2 40.
a5 Nc4 41. Rc1 1-0

[Event "Titled Tue 1st Jul Early"]
[Site "chess.com INT"]
[Date "2025.07.01"]
[Round "5"]
[White "Smirnov, Alexandr A."]
[Black "Paltrinieri, Nicholas"]
[Result "0-1"]
[WhiteTitle "FM"]
[BlackTitle "FM"]
[WhiteElo "2136"]
[BlackElo "2359"]
[WhiteFideId "24104396"]
[BlackFideId "828262"]
[EventDate "2025.07.01"]

1. e4 g6 2. d4 Bg7 3. Nc3 d6 4. Bg5 h6 5. Bh4 Nd7 6. Qd2 a6 7. f4 b5 8. a3 Bb7
9. Nf3 c5 10. Be2 Ngf6 11. e5 cxd4 12. Qxd4 dxe5 13. fxe5 Nh5 14. O-O-O g5 15.
Bg3 Nxg3 16. hxg3 Qc7 17. Nd5 Bxd5 18. Qxd5 Nb6 19. Qe4 Rc8 20. Rd2 e6 21. g4
Nd5 22. Kb1 Qc5 23. Rhd1 O-O 24. Bd3 Rfd8 25. Qh7+ Kf8 26. Re2 Nf4 27. Red2 Nxd3
28. cxd3 b4 29. d4 Qa5 30. axb4 Qxb4 31. d5 exd5 32. Rxd5 Rxd5 33. Rxd5 Qc4 34.
Rd2 Qc1+ 35. Ka2 Rc5 36. Qe4 Qc4+ 37. Qxc4 Rxc4 38. Rd6 a5 39. e6 fxe6 40. Rxe6
Rxg4 41. Re2 a4 42. Ka3 Kf7 43. Nd2 Bf8+ 44. Ka2 h5 45. Ne4 h4 46. Rf2+ Kg7 47.
Re2 Kg6 48. b3 a3 49. Nc3 Rf4 50. Nb5 g4 51. Nxa3 g3 52. Nb1 Rf2 53. Nc3 Bg7 0-1